| 000 | 00000nas 2200000za 4500 |
| 001 | 9.817619 |
| 003 | CaOODSP |
| 005 | 20221107142523 |
| 007 | cr ||||||||||| |
| 008 | 160512d19521955oncar p oss f000#a0eng|d |
| 040 | |aCaOODSP|beng |
| 043 | |an-cn--- |
| 086 | 1 |aCS52-209E-PDF |
| 245 | 00|aRailway transport. |nPart 3, |pEquipment, way and track and fuel consumption statistics |h[electronic resource]. |
| 260 | |aOttawa : |bDominion Bureau of Statistics, Public Finance and Transportation Division, Transportation Section, |c1954-1957. |
| 310 | |aAnnual |
| 362 | 0 |a1952-1955. |
| 500 | |aDigitized edition from print [produced by Statistics Canada]. |
| 550 | |aIssued 1953-1955 by Transportation and Public Utilities Section. |
| 692 | 07|2gccst|aRail transport |
| 692 | 07|2gccst|aRailway networks |
| 710 | 1 |aCanada. |bDominion Bureau of Statistics. |bTransportation Section. |
| 710 | 1 |aCanada. |bDominion Bureau of Statistics. |bTransportation and Public Utilities Section. |
| 780 | 00|tStatistics of steam railways for the year ended December 31, ... |w(CaOODSP)9.817555 |
| 785 | 00|tRailway transport. |w(CaOODSP)9.817620 |